[Event "Qatar Masters op"]
[Site "Doha"]
[Date "2023.10.11"]
[Round "1"]
[White "Madaminov, Mukhiddin"]
[Black "Nezad, Husein Aziz"]
[Result "1-0"]
[WhiteElo "2484"]
[BlackElo "2328"]
[PlyCount "21"]
[EventDate "2023.10.11"]
[EventType "swiss"]
[EventRounds "9"]
[EventCountry "QAT"]
[SourceTitle "Mega2024 Update 01"]
[Source "Chessbase"]
[SourceDate "2023.11.12"]
[SourceVersion "1"]
[SourceVersionDate "2023.11.12"]
[SourceQuality "1"]

1. e4 c6 2. Nf3 d5 3. Nc3 dxe4 4. Nxe4 Nf6 5. Qe2 Nxe4 6. Qxe4 Qa5 7. Qf4 Bf5 8. b4 Qd5 9. Bc4 Qe4+ 10. Qxe4 Bxe4 11. Bxf7+ 1-0

[Event "Asian Games"]
[Site "Hangzhou"]
[Date "2023.09.25"]
[Round "4"]
[White "Nezad, Husein Aziz"]
[Black "Setyaki, Azarya Jodi"]
[Result "1-0"]
[WhiteElo "2328"]
[BlackElo "2398"]
[PlyCount "57"]
[EventDate "2023.09.24"]
[EventType "swiss (rapid)"]
[EventRounds "9"]
[EventCountry "CHN"]
[SourceTitle "EXT 2024"]
[Source "ChessBase"]
[SourceDate "2023.10.10"]
[SourceVersion "1"]
[SourceVersionDate "2023.10.10"]
[SourceQuality "1"]

1. e4 e5 2. Nf3 Nc6 3. Nc3 Nf6 4. a3 d5 5. Bb5 Nxe4 6. Qe2 Qd6 7. Nxe4 dxe4 8. Qxe4 Bd7 9. d4 0-0-0 10. dxe5 Nxe5 11. Bxd7+ Qxd7 12. Be3 Ng4 13. 0-0 Nxe3 14. Qxe3 Kb8 15. Rfe1 Bd6 16. c4 Rhe8 17. Qc3 Bf8 18. h3 f6 19. c5 g6 20. Rac1 Bh6 21. Rc2 Rxe1+ 22. Qxe1 Qa4 23. Re2 a6 24. Qc3 Rd1+ 25. Kh2 Qf4+ 26. g3 Qf5 27. c6 Qb1 28. Kg2 Rc1 29. Re8+ 1-0

[Event "Abu Dhabi op 29th"]
[Site "Abu Dhabi"]
[Date "2023.08.24"]
[Round "9"]
[White "Nezad, Husein Aziz"]
[Black "Hossain, Enamul"]
[Result "1-0"]
[WhiteElo "2315"]
[BlackElo "2386"]
[PlyCount "59"]
[EventDate "2023.08.16"]
[EventType "swiss"]
[EventRounds "9"]
[EventCountry "UAE"]
[SourceTitle "EXT 2024"]
[Source "ChessBase"]
[SourceDate "2023.10.10"]
[SourceVersion "1"]
[SourceVersionDate "2023.10.10"]
[SourceQuality "1"]

1. e4 c5 2. Nf3 Nc6 3. Bb5 e6 4. Bxc6 bxc6 5. d3 Qc7 6. 0-0 e5 7. Nh4 Ne7 8. Na3 d6 9. f4 exf4 10. Bxf4 Ng6 11. Nxg6 hxg6 12. Nc4 Be6 13. Qe1 Be7 14. e5 d5 15. Nd6+ Bxd6 16. exd6 Qb7 17. Qc3 0-0 18. Qxc5 Qb6 19. b4 Qb7 20. Rae1 Rfb8 21. a3 Qd7 22. Be5 Rf8 23. Qd4 f6 24. Bxf6 Qxd6 25. Bxg7 Rxf1+ 26. Rxf1 Qc7 27. Be5 Qe7 28. Rf6 Bf7 29. Qf4 c5 30. Qg5 1-0

[Event "Abu Dhabi op 29th"]
[Site "Abu Dhabi"]
[Date "2023.08.21"]
[Round "6"]
[White "Harikrishnan, A Ra"]
[Black "Nezad, Husein Aziz"]
[Result "1/2-1/2"]
[WhiteElo "2437"]
[BlackElo "2315"]
[PlyCount "80"]
[EventDate "2023.08.16"]
[EventType "swiss"]
[EventRounds "9"]
[EventCountry "UAE"]
[SourceTitle "EXT 2024"]
[Source "ChessBase"]
[SourceDate "2023.10.10"]
[SourceVersion "1"]
[SourceVersionDate "2023.10.10"]
[SourceQuality "1"]

1. d4 d5 2. c4 e6 3. Nf3 Nf6 4. g3 dxc4 5. Bg2 c5 6. 0-0 Nc6 7. dxc5 Qxd1 8. Rxd1 Bxc5 9. Nbd2 c3 10. bxc3 0-0 11. Nb3 Be7 12. c4 Bd7 13. Bb2 Rfc8 14. Bxf6 Bxf6 15. Rxd7 Bxa1 16. Nxa1 Rd8 17. Rd2 Ne5 18. Nb3 Nxc4 19. Rc2 Rd1+ 20. Bf1 b5 21. e4 Rc8 22. Nbd4 a6 23. Kg2 Nd6 24. Rxc8+ Nxc8 25. Nb3 Rb1 26. Nc5 a5 27. Nd4 Na7 28. Bd3 Ra1 29. Nxb5 Nxb5 30. Bxb5 Rxa2 31. Na4 g5 32. h3 Kg7 33. e5 Rd2 34. Nc3 Rc2 35. Na4 h5 36. Kf3 Rc1 37. Ke2 Rh1 38. Bc6 Rc1 39. Bb5 Rh1 40. Bc6 Rc1 1/2-1/2

[Event "Abu Dhabi op 29th"]
[Site "Abu Dhabi"]
[Date "2023.08.17"]
[Round "2"]
[White "Nezad, Husein Aziz"]
[Black "Raja, Rithvik R"]
[Result "0-1"]
[WhiteElo "2315"]
[BlackElo "2502"]
[PlyCount "76"]
[EventDate "2023.08.16"]
[EventType "swiss"]
[EventRounds "9"]
[EventCountry "UAE"]
[SourceTitle "EXT 2024"]
[Source "ChessBase"]
[SourceDate "2023.10.10"]
[SourceVersion "1"]
[SourceVersionDate "2023.10.10"]
[SourceQuality "1"]

1. e4 c5 2. Nf3 d6 3. Bb5+ Nd7 4. a4 Ngf6 5. Nc3 g6 6. a5 Bg7 7. 0-0 a6 8. Be2 0-0 9. d3 b5 10. axb6 Nxb6 11. Bf4 h6 12. Qc1 Kh7 13. Re1 Bb7 14. h3 a5 15. Bd1 e5 16. Bd2 a4 17. Nh2 Nfd7 18. Ng4 Qh4 19. Bf3 f5 20. Nh2 f4 21. Nd5 Qd8 22. c4 h5 23. Qc2 Bc6 24. Ra3 Nf6 25. Rea1 Nbxd5 26. exd5 Bd7 27. Bc3 Qe7 28. Qd1 Rae8 29. Nf1 e4 30. Bxf6 Qxf6 31. Bxe4 Qg5 32. Qf3 Bxb2 33. Rxa4 Bxa4 34. Rxa4 Ra8 35. Qd1 Bd4 36. Rxa8 Rxa8 37. Qb3 Ra7 38. Qb8 Qe7 0-1

[Event "Riadh Rapid op"]
[Site "Riadh"]
[Date "2023.03.18"]
[Round "8"]
[White "El Gindy, Essam"]
[Black "Nezad, Husein Aziz"]
[Result "0-1"]
[WhiteElo "2407"]
[BlackElo "2329"]
[PlyCount "63"]
[EventDate "2023.03.17"]
[EventType "swiss (rapid)"]
[EventRounds "9"]
[EventCountry "SAU"]
[SourceTitle "CBM 213 Extra"]
[Source "ChessBase"]
[SourceDate "2023.05.31"]
[SourceVersion "1"]
[SourceVersionDate "2023.05.31"]
[SourceQuality "1"]

1. d4 d5 2. c4 e6 3. Nc3 Nf6 4. Bg5 Be7 5. e3 0-0 6. Nf3 Nbd7 7. Qc2 c5 8. cxd5 cxd4 9. Nxd4 Nxd5 10. Bxe7 Nxe7 11. Rd1 Qb6 12. Bd3 Nf6 13. 0-0 Bd7 14. Nf3 Rfd8 15. e4 h6 16. Qe2 Bc6 17. Ne5 Rd4 18. Nc4 Qc5 19. e5 Nd7 20. Rfe1 Rd8 21. a3 a5 22. Rc1 a4 23. Ne4 Qd5 24. Rc3 Nxe5 25. Ne3 Qa5 26. Rc5 Qxe1+ 27. Qxe1 Nxd3 28. Qf1 Bxe4 29. Rc3 Nxb2 30. f3 Nd1 31. Qe1 Nxc3 32. Qxc3 0-1

[Event "Riadh Rapid op"]
[Site "Riadh"]
[Date "2023.03.17"]
[Round "1"]
[White "Nezad, Husein Aziz"]
[Black "Al Abdali, Zeyad Saleh"]
[Result "1-0"]
[WhiteElo "2329"]
[BlackElo "1749"]
[PlyCount "57"]
[EventDate "2023.03.17"]
[EventType "swiss (rapid)"]
[EventRounds "9"]
[EventCountry "SAU"]
[SourceTitle "CBM 213 Extra"]
[Source "ChessBase"]
[SourceDate "2023.05.31"]
[SourceVersion "1"]
[SourceVersionDate "2023.05.31"]
[SourceQuality "1"]

1. e4 c5 2. Nf3 e6 3. c3 Nf6 4. e5 Nd5 5. Bc4 Nc6 6. d4 cxd4 7. cxd4 d6 8. Qe2 Be7 9. 0-0 Na5 10. Bxd5 exd5 11. Nc3 dxe5 12. dxe5 0-0 13. Be3 Be6 14. Rad1 a6 15. Nd4 Bc8 16. f4 Nc6 17. Qf3 Be6 18. f5 Bc8 19. Qxd5 Bg5 20. Qe4 Bxe3+ 21. Qxe3 Qb6 22. f6 Nxd4 23. Rxd4 Re8 24. Nd5 Qc5 25. Rc1 Rxe5 26. Rxc5 Rxe3 27. Nxe3 gxf6 28. Rd8+ Kg7 29. Rcxc8 1-0

[Event "Riadh Rapid op"]
[Site "Riadh"]
[Date "2023.03.17"]
[Round "5"]
[White "Nezad, Husein Aziz"]
[Black "Salem, AR Saleh"]
[Result "0-1"]
[WhiteElo "2329"]
[BlackElo "2677"]
[PlyCount "62"]
[EventDate "2023.03.17"]
[EventType "swiss (rapid)"]
[EventRounds "9"]
[EventCountry "SAU"]
[SourceTitle "CBM 213 Extra"]
[Source "ChessBase"]
[SourceDate "2023.05.31"]
[SourceVersion "1"]
[SourceVersionDate "2023.05.31"]
[SourceQuality "1"]

1. e4 e5 2. Nf3 Nc6 3. Nc3 Nf6 4. Bb5 Bd6 5. d3 0-0 6. h3 a6 7. Bxc6 dxc6 8. Bg5 Qe7 9. Qd2 Qe6 10. Nh4 Re8 11. Nf5 Bf8 12. g4 b5 13. Ne2 c5 14. f4 Nd7 15. 0-0 f6 16. Bh4 c4 17. fxe5 Qxe5 18. Nc3 Bb7 19. Bg3 Qe6 20. Kh2 cxd3 21. cxd3 Ne5 22. g5 Rad8 23. gxf6 Rxd3 24. Qg2 Qxf6 25. Nd5 Bxd5 26. exd5 Nf3+ 27. Rxf3 Rxf3 28. Qxf3 Qxb2+ 29. Bf2 Qxa1 30. Bd4 Qxa2+ 31. Kg3 Qe2 0-1

[Event "Abu Dhabi Masters 28th"]
[Site "Abu Dhabi"]
[Date "2022.08.25"]
[Round "9"]
[White "Nezad, Husein Aziz"]
[Black "Atakishiyev, Elmar"]
[Result "1/2-1/2"]
[WhiteElo "2377"]
[BlackElo "2271"]
[PlyCount "62"]
[EventDate "2022.08.17"]
[EventType "swiss"]
[EventRounds "9"]
[EventCountry "UAE"]
[SourceTitle "CBM 209 Extra"]
[Source "ChessBase"]
[SourceDate "2022.09.30"]
[SourceVersion "1"]
[SourceVersionDate "2022.09.30"]
[SourceQuality "1"]

1. d4 Nf6 2. c4 g6 3. Nc3 d5 4. cxd5 Nxd5 5. e4 Nxc3 6. bxc3 Bg7 7. Nf3 c5 8. h3 0-0 9. Be2 b6 10. Be3 Bb7 11. Qd3 Ba6 12. Qc2 Qc8 13. Rc1 Bxe2 14. Qxe2 e6 15. d5 exd5 16. exd5 Nd7 17. c4 Re8 18. 0-0 Qc7 19. Qd2 Ne5 20. Nxe5 Bxe5 21. Rfe1 f6 22. a4 Re7 23. Red1 Bd6 24. a5 Rae8 25. axb6 axb6 26. Rb1 f5 27. Qb2 f4 28. Bd2 Re4 29. Qb5 R8e7 30. Bc3 Kf7 31. Rd3 Qd7 1/2-1/2

[Event "Olympiad-44"]
[Site "Chennai"]
[Date "2022.08.07"]
[Round "9.1"]
[White "Cu Hor, Winston Darwin"]
[Black "Nezad, Husein Aziz"]
[Result "1/2-1/2"]
[WhiteElo "2328"]
[BlackElo "2380"]
[PlyCount "72"]
[EventDate "2022.07.29"]
[EventType "team-swiss"]
[EventRounds "11"]
[EventCountry "IND"]
[SourceTitle "CBM 210"]
[Source "ChessBase"]
[SourceDate "2022.10.31"]
[SourceVersion "1"]
[SourceVersionDate "2022.10.31"]
[SourceQuality "1"]
[WhiteTeam "Guatemala"]
[BlackTeam "Qatar"]
[WhiteTeamCountry "GUA"]
[BlackTeamCountry "QAT"]

1. Nf3 d5 2. c4 e6 3. g3 Nf6 4. Bg2 Be7 5. 0-0 0-0 6. d3 c5 7. b3 Nc6 8. e3 b6 9. Bb2 Bb7 10. Nc3 dxc4 11. bxc4 Qc7 12. Qe2 Rfd8 13. Rad1 a6 14. Ne1 Ne8 15. f4 Nd6 16. Ne4 Nxe4 17. Bxe4 Na5 18. Bxb7 Nxb7 19. f5 exf5 20. Rxf5 b5 21. Ng2 bxc4 22. Nf4 Nd6 23. Nd5 Qb7 24. Re5 Bf8 25. Rg5 h6 26. Nf6+ Kh8 27. dxc4 Ne4 28. Rxd8 Rxd8 29. Rd5 Rxd5 30. Nxd5 Nd6 31. Qc2 Qc8 32. Be5 Qg4 33. Bxd6 Bxd6 34. Qd3 Qg5 35. Qe4 g6 36. Kg2 Kg7 1/2-1/2

[Event "Olympiad-44"]
[Site "Chennai"]
[Date "2022.08.02"]
[Round "5.1"]
[White "Abdulwahhab, Ahmed Abdulsattar"]
[Black "Nezad, Husein Aziz"]
[Result "1/2-1/2"]
[WhiteElo "2251"]
[BlackElo "2380"]
[PlyCount "61"]
[EventDate "2022.07.29"]
[EventType "team-swiss"]
[EventRounds "11"]
[EventCountry "IND"]
[SourceTitle "CBM 210"]
[Source "ChessBase"]
[SourceDate "2022.10.31"]
[SourceVersion "1"]
[SourceVersionDate "2022.10.31"]
[SourceQuality "1"]
[WhiteTeam "Iraq"]
[BlackTeam "Qatar"]
[WhiteTeamCountry "IRQ"]
[BlackTeamCountry "QAT"]

1. e4 e5 2. Nf3 Nc6 3. Bc4 Nf6 4. d3 Be7 5. Nc3 0-0 6. a3 d6 7. h3 Be6 8. 0-0 Bxc4 9. dxc4 Nd7 10. Nd5 Nc5 11. Re1 Qd7 12. b4 Ne6 13. Bb2 f6 14. c5 Rad8 15. cxd6 Bxd6 16. c4 b6 17. Qb3 Ncd4 18. Bxd4 exd4 19. c5 bxc5 20. bxc5 Bxc5 21. Nxc7 Qxc7 22. Qxe6+ Qf7 23. Qf5 Bb6 24. a4 d3 25. Red1 Rfe8 26. a5 Bc7 27. Qb5 Qd7 28. Qc4+ Qf7 29. Qb5 Qd7 30. Qc4+ Qf7 31. Qb5 1/2-1/2

[Event "Biel HTO 55th"]
[Site "Biel"]
[Date "2022.07.19"]
[Round "6"]
[White "Lou, Vincent"]
[Black "Nezad, Husein Aziz"]
[Result "1/2-1/2"]
[WhiteElo "2200"]
[BlackElo "2380"]
[PlyCount "73"]
[EventDate "2022.07.13"]
[EventType "swiss"]
[EventRounds "9"]
[EventCountry "SUI"]
[SourceTitle "CBM 209 Extra"]
[Source "ChessBase"]
[SourceDate "2022.09.30"]
[SourceVersion "1"]
[SourceVersionDate "2022.09.30"]
[SourceQuality "1"]

1. d4 d5 2. c4 e6 3. Nf3 Nf6 4. Nc3 c5 5. cxd5 Nxd5 6. e4 Nxc3 7. bxc3 cxd4 8. cxd4 Bb4+ 9. Bd2 Bxd2+ 10. Qxd2 0-0 11. Bc4 Nd7 12. 0-0 b6 13. Rfe1 Bb7 14. Rad1 Rc8 15. Bd3 h6 16. Re3 Nf6 17. Bb1 Qc7 18. Ne5 Rfd8 19. Qe2 Qe7 20. Rg3 Kf8 21. h4 Rc7 22. Rf3 Kg8 23. g4 Rdc8 24. g5 hxg5 25. hxg5 Nh7 26. g6 fxg6 27. Nxg6 Qe8 28. Rg3 Rc1 29. Kh2 Nf8 30. Ne5 Qe7 31. Qh5 Qf6 32. Ng4 Qf4 33. Nh6+ Kh8 34. Nf7+ Kg8 35. Nh6+ Kh8 36. Nf7+ Kg8 37. Nh6+ 1/2-1/2

[Event "Biel HTO 55th"]
[Site "Biel"]
[Date "2022.07.18"]
[Round "5"]
[White "Nezad, Husein Aziz"]
[Black "Licznerski, Lukasz"]
[Result "0-1"]
[WhiteElo "2380"]
[BlackElo "2451"]
[PlyCount "92"]
[EventDate "2022.07.13"]
[EventType "swiss"]
[EventRounds "9"]
[EventCountry "SUI"]
[SourceTitle "CBM 209 Extra"]
[Source "ChessBase"]
[SourceDate "2022.09.30"]
[SourceVersion "1"]
[SourceVersionDate "2022.09.30"]
[SourceQuality "1"]

1. e4 c6 2. d4 d5 3. exd5 cxd5 4. Bd3 Nc6 5. c3 Nf6 6. h3 g6 7. Nf3 Bf5 8. Ne5 Nxe5 9. dxe5 Bxd3 10. Qxd3 Ne4 11. Nd2 Nxd2 12. Bxd2 Bg7 13. f4 Rc8 14. 0-0-0 e6 15. Kb1 Rc6 16. Be3 Qa5 17. g4 0-0 18. Bd4 Ra6 19. a3 Rc8 20. f5 Bf8 21. Rh2 Qa4 22. Rf1 Qb3 23. fxe6 Rxe6 24. Rhf2 Rc7 25. Qc2 Qb5 26. Ka2 Bg7 27. Qb3 Qxb3+ 28. Kxb3 a6 29. Rd1 Bxe5 30. Bxe5 Rxe5 31. Rfd2 Rc5 32. Kc2 h5 33. Rd4 hxg4 34. hxg4 Kg7 35. a4 Rc4 36. a5 Rxd4 37. Rxd4 Kh6 38. b4 Kg5 39. c4 dxc4 40. Rd7 Rb5 41. Kc3 Kxg4 42. Rxf7 g5 43. Kxc4 Kg3 44. Rc7 g4 45. Rc5 Rxc5+ 46. Kxc5 Kf4 0-1

[Event "Sharjah Masters 5th"]
[Site "Sharjah"]
[Date "2022.05.29"]
[Round "9"]
[White "Saeed, Ishaq"]
[Black "Nezad, Husein Aziz"]
[Result "0-1"]
[WhiteElo "2397"]
[BlackElo "2379"]
[PlyCount "90"]
[EventDate "2022.05.21"]
[EventType "swiss"]
[EventRounds "9"]
[EventCountry "UAE"]
[SourceTitle "CBM 208 Extra"]
[Source "ChessBase"]
[SourceDate "2022.07.31"]
[SourceVersion "1"]
[SourceVersionDate "2022.07.31"]
[SourceQuality "1"]

1. d4 d5 2. c4 e6 3. Nf3 Nf6 4. g3 Be7 5. Bg2 0-0 6. 0-0 dxc4 7. a4 Bd7 8. Ne5 Bc6 9. Nxc6 Nxc6 10. a5 Nxd4 11. a6 b5 12. Bxa8 Nb3 13. Qxd8 Rxd8 14. Bc6 Nxa1 15. Be3 Nb3 16. Bxa7 Na5 17. Bb7 b4 18. Rc1 Kf8 19. e4 Nd7 20. Nd2 Nc5 21. Bxc5 Bxc5 22. Nxc4 Nb3 23. Rf1 Nd2 24. Rc1 Nb3 25. Rf1 f6 26. Kg2 Rd4 27. Ne3 Rd2 28. Rd1 Rxb2 29. Rd3 Nc1 30. Rd8+ Ke7 31. Nd1 Rxf2+ 32. Nxf2 Kxd8 33. Nd1 Nd3 34. Bc6 Ne5 35. Ba4 Kc8 36. Nb2 Bd4 37. Nd1 Kb8 38. Bb3 Ka7 39. Kf1 c5 40. Bxe6 c4 41. Ke2 b3 42. Kd2 Kxa6 43. h3 Ka5 44. g4 Kb4 45. Kc1 c3 0-1

[Event "Sharjah Masters 5th"]
[Site "Sharjah"]
[Date "2022.05.26"]
[Round "6"]
[White "Davtyan, Artur"]
[Black "Nezad, Husein Aziz"]
[Result "1-0"]
[WhiteElo "2488"]
[BlackElo "2379"]
[PlyCount "61"]
[EventDate "2022.05.21"]
[EventType "swiss"]
[EventRounds "9"]
[EventCountry "UAE"]
[SourceTitle "CBM 208 Extra"]
[Source "ChessBase"]
[SourceDate "2022.07.31"]
[SourceVersion "1"]
[SourceVersionDate "2022.07.31"]
[SourceQuality "1"]

1. d4 d5 2. c4 e6 3. Nc3 Nf6 4. cxd5 exd5 5. Bg5 c6 6. Qc2 Bd6 7. e3 0-0 8. Bd3 h6 9. Bh4 Re8 10. Nf3 Be6 11. 0-0 Nbd7 12. Kh1 Qb8 13. Rae1 a5 14. Nd2 Bxh2 15. g3 Ng4 16. e4 g5 17. exd5 Bxd5+ 18. Nxd5 Rxe1 19. Rxe1 gxh4 20. Bh7+ Kh8 21. Qf5 Nxf2+ 22. Qxf2 Bxg3 23. Qxf7 Qf8 24. Re7 Qxf7 25. Rxf7 Nf8 26. Nf6 h3 27. Nf3 Rd8 28. Bf5 h2 29. Ne5 Rxd4 30. Ng6+ Nxg6 31. Rh7# 1-0

[Event "Sharjah Masters 5th"]
[Site "Sharjah"]
[Date "2022.05.24"]
[Round "4"]
[White "Nezad, Husein Aziz"]
[Black "Petrosyan, Manuel"]
[Result "0-1"]
[WhiteElo "2379"]
[BlackElo "2638"]
[PlyCount "110"]
[EventDate "2022.05.21"]
[EventType "swiss"]
[EventRounds "9"]
[EventCountry "UAE"]
[SourceTitle "CBM 208 Extra"]
[Source "ChessBase"]
[SourceDate "2022.07.31"]
[SourceVersion "1"]
[SourceVersionDate "2022.07.31"]
[SourceQuality "1"]

1. d4 Nf6 2. c4 e6 3. Nf3 d5 4. Nc3 Bb4 5. Qb3 c5 6. dxc5 Nc6 7. Bg5 Qa5 8. Bxf6 dxc4 9. Qxc4 gxf6 10. Rc1 Qxc5 11. Qh4 Ke7 12. g3 Bxc3+ 13. Rxc3 Qb4 14. Qxb4+ Nxb4 15. a3 Nd5 16. Rc1 Bd7 17. Bg2 Rac8 18. 0-0 Rxc1 19. Rxc1 Rc8 20. Rxc8 Bxc8 21. Nd2 Nb6 22. b3 Na8 23. f4 Nc7 24. Kf2 Nb5 25. a4 Nd6 26. a5 b6 27. axb6 axb6 28. Bf3 e5 29. e3 Bf5 30. Bd5 Be6 31. Bc6 e4 32. b4 f5 33. Nb1 Bd7 34. Bd5 Be6 35. Bc6 Bd7 36. Bd5 Be6 37. Nc3 Kd7 38. Ba8 Nc4 39. Nd5 h6 40. Ke2 b5 41. Nf6+ Ke7 42. Nd5+ Kd6 43. Nc3 Nb6 44. Bb7 Bc4+ 45. Kf2 Kc7 46. Ba6 Kc6 47. h3 h5 48. Ne2 Bxe2 49. Kxe2 Nd5 50. g4 hxg4 51. hxg4 fxg4 52. Bc8 Nf6 53. Kd2 Kd5 54. Kc3 g3 55. Bh3 Ng4 0-1